00925nam a22002297a 4500003000500000005001700005008004100022010001000063011001000073035001000083040000900093100003000102245024700132260004000379300002300419502010200442650002800544650003700572650002600609650002500635650003500660CHAP20220329140851.0971013s1979 r 00010 d a58930 a59902 a64062 cCHAP00aAguilar Resendez, Isaias. aRespuesta de 240 progenies de maíz (Zea mays L.) variedad NLVS-30 a la fertilización foliar nitrogenada y prueba de rendimiento de dos variedades, cuatro tratamientos de fertilización foliar y dos épocas de despunte, en Apodaca, N. L. aMonterrey, N. L. :bEl autor,c1979 a52 h.b; gráafs. aTesis (M. C. Esp. en Fitomejoramiento) -- ITESM. División de Ciencias Agropecuarias Marítimas14aFertilización foliar.14aFertilizantesxEfecto en maíz.14aMaízxNuevo León.14aMaízxRendimiento.14aNitrógenoxEfecto en maíz.